000 00398 a2200109 4500
001 ART_45073
005 20260410162038.0
008 260409a
245 1 0 _aCaracterísticas de la estructura ocupacional en la Región NEA en el período 2003-2006
100 1 _aSobol, Blanca
773 0 _tRevista de estudios regionales y mercado de trabajo
_g- N° 3 (ene./dic. 2007)
_wREV44894
999 _c34644
_d34644